[Event "8e Open de Porticcio"]
[Site "?"]
[Date "2023.07.01"]
[Round "9.3"]
[White "Rakotomaharo, Fy Antenaina"]
[Black "Carnicelli, Valerio"]
[Result "1/2-1/2"]
[BlackElo "2344"]
[WhiteElo "2463"]
[LiveChessVersion "1.4.6"]

1. d4 {[%clk 1:30:58]} Nf6 {[%clk 1:30:56]} 2. Nf3 {[%clk 1:31:24]} g6
{[%clk 1:31:24]} 3. c4 {[%clk 1:31:38]} Bg7 {[%clk 1:31:50]} 4. e3
{[%clk 1:31:55]} O-O {[%clk 1:32:13]} 5. Be2 {[%clk 1:32:21]} d6 {[%clk 1:32:38]}
6. O-O {[%clk 1:32:38]} c5 {[%clk 1:32:39]} 7. Nc3 {[%clk 1:31:24]} Nc6
{[%clk 1:32:37]} 8. d5 {[%clk 1:31:03]} Na5 {[%clk 1:32:06]} 9. h3
{[%clk 1:30:27]} e6 {[%clk 1:28:58]} 10. e4 exd5 {[%clk 1:26:04]} 11. exd5
{[%clk 1:29:19]} Re8 {[%clk 1:25:17]} 12. Bd3 {[%clk 1:28:14]} a6
{[%clk 1:19:37]} 13. Bf4 {[%clk 1:24:29]} Rb8 {[%clk 1:16:20]} 14. a4
{[%clk 1:16:44]} Nh5 {[%clk 1:09:51]} 15. Bh2 {[%clk 1:02:39]} Bxc3
{[%clk 1:10:15]} 16. bxc3 {[%clk 1:02:29]} Qf6 {[%clk 1:10:35]} 17. Nd2
{[%clk 0:57:58]} Bd7 {[%clk 0:58:22]} 18. Ne4 {[%clk 0:49:27]} Rxe4
{[%clk 0:58:34]} 19. Bxe4 {[%clk 0:49:51]} Nxc4 {[%clk 0:58:25]} 20. Qe2
{[%clk 0:49:22]} b5 {[%clk 0:55:16]} 21. axb5 {[%clk 0:47:50]} Bxb5
{[%clk 0:49:47]} 22. Rfc1 {[%clk 0:47:03]} Re8 {[%clk 0:47:37]} 23. Qc2
{[%clk 0:43:12]} Nf4 {[%clk 0:43:39]} 24. Re1 {[%clk 0:41:46]} Ne5
{[%clk 0:40:51]} 25. Re3 {[%clk 0:38:50]} Qg5 {[%clk 0:36:26]} 26. Bxf4
{[%clk 0:35:23]} Qxf4 {[%clk 0:36:15]} 27. g3 {[%clk 0:35:53]} Qf6
{[%clk 0:33:41]} 28. Bg2 {[%clk 0:34:29]} g5 {[%clk 0:25:55]} 29. Rae1 Kg7 30. c4
{[%clk 0:32:18]} Bd7 {[%clk 0:26:21]} 31. Qa2 {[%clk 0:21:25]} a5
{[%clk 0:25:31]} 32. Rb1 {[%clk 0:20:19]} Ra8 {[%clk 0:20:20]} 33. Rb7
{[%clk 0:15:05]} Be8 {[%clk 0:17:49]} 34. Reb3 {[%clk 0:11:21]} a4
{[%clk 0:16:52]} 35. Rb8 {[%clk 0:10:44]} Rxb8 {[%clk 0:13:47]} 36. Rxb8
{[%clk 0:11:09]} Bd7 {[%clk 0:14:12]} 37. Qb2 {[%clk 0:10:55]} h5
{[%clk 0:10:08]} 38. Qb7 {[%clk 0:08:48]} Nd3 {[%clk 0:05:09]} 39. Qa8
{[%clk 0:04:51]} Qxf2+ {[%clk 0:02:35]} 40. Kh2 {[%clk 0:02:43]} Ne1
{[%clk 0:00:43]} 41. Rg8+ {[%clk 0:02:51]} Kf6 {[%clk 0:00:41]} 42. Qd8+
{[%clk 0:02:20]} Ke5 {[%clk 0:01:10]} 43. Qxg5+ {[%clk 0:00:32]} Kd4
{[%clk 0:01:39]} 44. Qf4+ {[%clk 0:00:32]} Qxf4 {[%clk 0:02:07]} 45. gxf4
{[%clk 0:00:59]} a3 {[%clk 0:00:49]} 46. Ra8 {[%clk 0:00:45]} Nc2
{[%clk 0:01:13]} 47. Bf3 {[%clk 0:00:48]} Kxc4 {[%clk 0:00:34]} 48. Bd1
{[%clk 0:00:42]} Ne3 {[%clk 0:00:38]} 49. Bxh5 {[%clk 0:00:51]} Kb4
{[%clk 0:00:35]} 50. Bxf7 {[%clk 0:00:50]} c4 {[%clk 0:00:34]} 51. Rb8+
{[%clk 0:01:09]} Kc3 {[%clk 0:00:33]} 52. Ra8 {[%clk 0:01:23]} Kb4
{[%clk 0:00:51]} 53. Rb8+ {[%clk 0:01:41]} Kc3 {[%clk 0:00:37]} 54. Ra8
{[%clk 0:02:06]} Kb2 {[%clk 0:00:33]} 55. Rb8+ {[%clk 0:02:25]} Kc3
{[%clk 0:00:34]} 56. Ra8 {[%clk 0:02:36]} Kb4 {[%clk 0:00:35]} 1/2-1/2

[Event "8e Open de Porticcio"]
[Site "?"]
[Date "2023.07.01"]
[Round "9.4"]
[White "Makkar, Rajat"]
[Black "Celik, Hasan Huseyin"]
[Result "0-1"]
[BlackElo "2405"]
[WhiteElo "2419"]
[LiveChessVersion "1.4.6"]

1. d4 {[%clk 1:30:58]} Nf6 {[%clk 1:30:49]} 2. c4 {[%clk 1:31:05]} c6
{[%clk 1:31:11]} 3. Nc3 {[%clk 1:31:05]} d5 {[%clk 1:31:30]} 4. e3
{[%clk 1:31:26]} e6 {[%clk 1:31:51]} 5. b3 {[%clk 1:31:47]} Nbd7 {[%clk 1:19:07]}
6. Bb2 {[%clk 1:31:39]} Bd6 {[%clk 1:19:27]} 7. Bd3 {[%clk 1:31:48]} O-O
{[%clk 1:19:28]} 8. Nge2 {[%clk 1:31:53]} Re8 {[%clk 1:13:42]} 9. h3
{[%clk 1:28:12]} b6 {[%clk 1:09:31]} 10. O-O {[%clk 1:28:06]} Bb7
{[%clk 1:09:51]} 11. Ng3 {[%clk 1:22:26]} c5 {[%clk 1:01:15]} 12. cxd5
{[%clk 1:21:40]} Bxg3 {[%clk 0:50:07]} 13. fxg3 {[%clk 1:18:48]} cxd4
{[%clk 0:50:22]} 14. exd4 {[%clk 1:03:25]} Nxd5 {[%clk 0:49:27]} 15. Bxh7+
{[%clk 1:00:31]} Kxh7 {[%clk 0:49:49]} 16. Qh5+ {[%clk 1:00:34]} Kg8
{[%clk 0:50:16]} 17. Qxf7+ {[%clk 1:00:56]} Kh7 {[%clk 0:49:32]} 18. Ne4
{[%clk 0:42:35]} Qe7 {[%clk 0:31:50]} 19. Ba3 {[%clk 0:33:00]} Qxf7
{[%clk 0:30:49]} 20. Rxf7 {[%clk 0:33:22]} Red8 {[%clk 0:31:02]} 21. Re1
{[%clk 0:26:54]} Kg8 {[%clk 0:28:28]} 22. Ng5 {[%clk 0:25:37]} Ba6
{[%clk 0:25:59]} 23. Rxe6 {[%clk 0:21:24]} N7f6 {[%clk 0:26:03]} 24. Kh2
{[%clk 0:18:12]} Bd3 {[%clk 0:23:37]} 25. Rb7 {[%clk 0:15:16]} Ba6
{[%clk 0:23:02]} 26. Rf7 {[%clk 0:15:36]} Bd3 {[%clk 0:23:27]} 27. Rb7
{[%clk 0:15:42]} Rdb8 {[%clk 0:23:35]} 28. Rxb8+ {[%clk 0:15:45]} Rxb8
{[%clk 0:24:03]} 29. Be7 {[%clk 0:13:45]} Re8 {[%clk 0:22:41]} 30. Bxf6
{[%clk 0:13:23]} Rxe6 {[%clk 0:23:09]} 31. Nxe6 {[%clk 0:13:46]} gxf6
{[%clk 0:23:33]} 32. Nf4 {[%clk 0:12:59]} Be4 {[%clk 0:23:27]} 33. Ne2
{[%clk 0:08:12]} a5 {[%clk 0:23:31]} 34. Kg1 {[%clk 0:08:04]} b5 35. a3
{[%clk 0:08:08]} Bc2 {[%clk 0:23:27]} 36. Nc1 b4 {[%clk 0:15:56]} 37. axb4
{[%clk 0:08:20]} Nxb4 {[%clk 0:14:56]} 38. d5 {[%clk 0:04:35]} Nd3
{[%clk 0:15:18]} 39. d6 {[%clk 0:03:26]} Kf7 40. Ne2 Bxb3 {[%clk 0:15:30]} 41.
Nd4 {[%clk 0:03:52]} Bd5 {[%clk 0:15:21]} 42. g4 {[%clk 0:03:51]} a4
{[%clk 0:15:28]} 43. h4 {[%clk 0:03:55]} a3 {[%clk 0:15:22]} 44. Nc2
{[%clk 0:04:07]} a2 {[%clk 0:15:48]} 45. g5 {[%clk 0:03:58]} fxg5
{[%clk 0:16:11]} 46. hxg5 {[%clk 0:04:12]} Be4 {[%clk 0:16:30]} 47. Kf1
{[%clk 0:04:07]} Nb4 {[%clk 0:16:48]} 48. Na1 {[%clk 0:04:34]} Nc2
{[%clk 0:17:14]} 0-1

[Event "8e Open de Porticcio"]
[Site "?"]
[Date "2023.07.01"]
[Round "9.5"]
[White "Bulmaga, Irina"]
[Black "Anwesh, Upadhyaya"]
[Result "1-0"]
[BlackElo "2356"]
[WhiteElo "2416"]
[LiveChessVersion "1.4.6"]

1. e4 {[%clk 1:30:55]} e5 {[%clk 1:24:51]} 2. Nf3 {[%clk 1:31:15]} Nc6
{[%clk 1:25:15]} 3. d4 {[%clk 1:31:31]} exd4 {[%clk 1:25:17]} 4. Nxd4
{[%clk 1:31:52]} Bc5 {[%clk 1:25:32]} 5. Be3 {[%clk 1:32:07]} Qf6
{[%clk 1:25:43]} 6. c3 {[%clk 1:32:19]} Nge7 {[%clk 1:25:48]} 7. Bc4
{[%clk 1:32:37]} O-O {[%clk 1:25:33]} 8. O-O {[%clk 1:32:39]} b6 {[%clk 1:25:14]}
9. Qd2 {[%clk 1:32:45]} Qg6 {[%clk 1:22:57]} 10. Nxc6 {[%clk 1:32:50]} Qxc6
{[%clk 1:20:31]} 11. Bxc5 {[%clk 1:32:43]} Qxc5 {[%clk 1:18:07]} 12. Na3
{[%clk 1:32:52]} Rd8 {[%clk 1:13:00]} 13. b4 {[%clk 1:20:29]} Qc6
{[%clk 1:12:44]} 14. Qg5 {[%clk 1:13:13]} Re8 {[%clk 1:12:51]} 15. Qf4
{[%clk 1:09:58]} Rf8 {[%clk 1:12:21]} 16. Qe5 {[%clk 1:07:41]} Ng6
{[%clk 1:08:29]} 17. Qd4 {[%clk 1:04:39]} Qa4 {[%clk 1:01:43]} 18. Nb5
{[%clk 0:57:58]} Ba6 {[%clk 1:00:26]} 19. Nxc7 {[%clk 0:56:04]} Bxc4
{[%clk 1:00:50]} 20. Qxc4 {[%clk 0:56:22]} Rac8 {[%clk 1:01:07]} 21. Qb5
{[%clk 0:50:07]} Qc2 {[%clk 0:38:20]} 22. Nd5 {[%clk 0:47:05]} Qxe4
{[%clk 0:35:19]} 23. Rad1 {[%clk 0:36:16]} Rfe8 {[%clk 0:32:23]} 24. Qxd7
{[%clk 0:27:18]} Rcd8 {[%clk 0:29:01]} 25. Qb5 {[%clk 0:23:12]} a6
{[%clk 0:19:17]} 26. Qd3 {[%clk 0:21:33]} Qe5 {[%clk 0:18:56]} 27. g3
{[%clk 0:19:56]} b5 {[%clk 0:18:07]} 28. f4 {[%clk 0:13:41]} Qb8 {[%clk 0:14:34]}
29. Qf3 {[%clk 0:14:09]} h6 {[%clk 0:13:02]} 30. h4 {[%clk 0:12:56]} Qa7+
{[%clk 0:11:40]} 31. Qf2 {[%clk 0:10:51]} Qb7 {[%clk 0:09:19]} 32. Qb6
{[%clk 0:08:38]} Qxb6+ {[%clk 0:04:42]} 33. Nxb6 {[%clk 0:09:06]} Rxd1
{[%clk 0:05:06]} 34. Rxd1 {[%clk 0:09:32]} Re3 {[%clk 0:05:33]} 35. Rd8+
{[%clk 0:07:48]} Kh7 {[%clk 0:06:01]} 36. h5 {[%clk 0:04:30]} Nh8
{[%clk 0:04:24]} 37. Kf2 {[%clk 0:02:51]} Rxc3 {[%clk 0:04:45]} 38. f5
{[%clk 0:02:39]} g6 {[%clk 0:02:16]} 39. hxg6+ {[%clk 0:02:41]} fxg6
{[%clk 0:02:42]} 40. f6 {[%clk 0:02:16]} Nf7 {[%clk 0:01:56]} 41. Rd7
{[%clk 0:02:22]} Kg8 {[%clk 0:02:03]} 42. Nd5 {[%clk 0:02:31]} Ra3
{[%clk 0:02:07]} 43. Ne7+ {[%clk 0:02:28]} Kh7 {[%clk 0:02:30]} 44. Nc6
{[%clk 0:01:59]} Kg8 {[%clk 0:02:55]} 45. Ra7 {[%clk 0:01:53]} g5
{[%clk 0:01:57]} 46. g4 {[%clk 0:01:59]} Nd6 {[%clk 0:01:13]} 47. Ne7+
{[%clk 0:02:00]} Kf7 {[%clk 0:01:18]} 48. Nf5+ {[%clk 0:02:08]} Kxf6
{[%clk 0:01:30]} 49. Nxd6 {[%clk 0:02:32]} Ke5 {[%clk 0:00:36]} 50. Nxb5
{[%clk 0:02:27]} Rxa2+ {[%clk 0:00:58]} 51. Ke3 {[%clk 0:02:27]} Rb2
{[%clk 0:00:36]} 52. Nd4 {[%clk 0:02:30]} Ra2 {[%clk 0:01:00]} 53. Nf3+
{[%clk 0:01:43]} Kd5 {[%clk 0:01:27]} 54. Rd7+ {[%clk 0:00:45]} Kc4
{[%clk 0:00:55]} 55. Rd4+ {[%clk 0:00:49]} Kb5 {[%clk 0:01:10]} 56. Ne5
{[%clk 0:01:03]} Rh2 {[%clk 0:01:01]} 57. Nd3 {[%clk 0:01:01]} Rh3+
{[%clk 0:00:38]} 58. Kd2 {[%clk 0:01:11]} h5 {[%clk 0:01:00]} 59. Rd5+
{[%clk 0:00:45]} Kc4 {[%clk 0:01:18]} 60. Rc5+ {[%clk 0:00:35]} Kd4
{[%clk 0:01:40]} 61. Ne5 {[%clk 0:00:44]} Rh2+ {[%clk 0:00:59]} 62. Kc1
{[%clk 0:00:49]} hxg4 {[%clk 0:01:03]} 63. Nxg4 {[%clk 0:01:08]} Re2
{[%clk 0:00:55]} 64. Rc6 {[%clk 0:00:51]} Kd5 {[%clk 0:00:41]} 65. Rxa6
{[%clk 0:01:04]} Kc4 {[%clk 0:01:03]} 66. Rb6 {[%clk 0:01:19]} Kc3
{[%clk 0:00:44]} 67. Kd1 {[%clk 0:01:41]} Re4 {[%clk 0:00:43]} 68. Nf6
{[%clk 0:02:07]} Rd4+ {[%clk 0:01:08]} 69. Ke2 {[%clk 0:02:23]} Kb3
{[%clk 0:01:25]} 70. b5 {[%clk 0:02:41]} Ka4 {[%clk 0:01:26]} 71. Ke3
{[%clk 0:02:13]} Rb4 {[%clk 0:00:35]} 72. Nd5 {[%clk 0:02:37]} Rb3+
{[%clk 0:00:33]} 73. Kd4 {[%clk 0:02:42]} Rb2 {[%clk 0:00:48]} 74. Ke4 1-0

[Event "8e Open de Porticcio"]
[Site "?"]
[Date "2023.07.01"]
[Round "9.6"]
[White "Degraeve, Remy"]
[Black "Cappelletto, Joshuaede"]
[Result "1/2-1/2"]
[BlackElo "2286"]
[WhiteElo "2467"]
[LiveChessVersion "1.4.6"]

1. e4 {[%clk 1:28:10]} c5 {[%clk 1:30:48]} 2. Nf3 {[%clk 1:28:38]} d6
{[%clk 1:31:12]} 3. d4 {[%clk 1:29:06]} cxd4 {[%clk 1:31:37]} 4. Nxd4
{[%clk 1:29:34]} Nf6 {[%clk 1:31:59]} 5. Nc3 {[%clk 1:30:02]} a6 {[%clk 1:32:22]}
6. h3 {[%clk 1:30:29]} e5 {[%clk 1:32:46]} 7. Nf3 {[%clk 1:30:56]} h6
{[%clk 1:27:53]} 8. Bc4 {[%clk 1:31:21]} Be6 {[%clk 1:26:56]} 9. Bb3
{[%clk 1:31:47]} Be7 {[%clk 1:26:34]} 10. Be3 {[%clk 1:32:12]} Nbd7
{[%clk 1:25:01]} 11. Nh4 {[%clk 1:32:37]} O-O {[%clk 1:18:23]} 12. O-O
{[%clk 1:33:03]} Rc8 {[%clk 1:17:18]} 13. Qf3 {[%clk 1:33:21]} Nc5
{[%clk 1:11:41]} 14. Bxc5 {[%clk 1:33:47]} Rxc5 {[%clk 1:12:05]} 15. Nf5
{[%clk 1:34:14]} b5 {[%clk 1:02:30]} 16. Ne3 {[%clk 1:31:03]} b4 {[%clk 0:58:29]}
17. Ncd5 {[%clk 1:31:23]} Nxd5 {[%clk 0:57:29]} 18. Nxd5 {[%clk 1:23:15]} Bxd5
{[%clk 0:56:44]} 19. Bxd5 {[%clk 1:23:42]} Rxc2 {[%clk 0:56:09]} 20. Qb3
{[%clk 1:16:59]} Qc7 {[%clk 0:54:22]} 21. a3 {[%clk 1:17:10]} bxa3
{[%clk 0:52:50]} 22. Qxa3 {[%clk 1:13:49]} Bd8 {[%clk 0:43:58]} 23. b4
{[%clk 1:05:27]} Qb6 {[%clk 0:42:27]} 24. Qb3 {[%clk 1:05:37]} Rc8
{[%clk 0:38:37]} 25. Ra4 {[%clk 1:00:29]} Rb8 {[%clk 0:37:34]} 26. Qa3
{[%clk 0:59:53]} Bg5 {[%clk 0:32:25]} 27. Rb1 {[%clk 0:58:58]} Bd2
{[%clk 0:26:07]} 28. Rxa6 {[%clk 0:57:31]} Qb5 {[%clk 0:26:24]} 29. Ra7
{[%clk 0:57:12]} Bxb4 {[%clk 0:25:29]} 30. Qf3 {[%clk 0:52:57]} Qe8
{[%clk 0:25:28]} 31. Rb3 {[%clk 0:53:22]} Kh8 {[%clk 0:21:09]} 32. Bxf7
{[%clk 0:51:43]} Qd8 {[%clk 0:21:23]} 33. Qg4 {[%clk 0:44:10]} Bc5
{[%clk 0:21:30]} 34. Rab7 {[%clk 0:31:57]} Rxb7 {[%clk 0:18:03]} 35. Rxb7
{[%clk 0:32:21]} Qf6 {[%clk 0:16:55]} 36. Qf5 {[%clk 0:32:46]} Qh4
{[%clk 0:12:52]} 37. Rc7 {[%clk 0:27:02]} g6 {[%clk 0:12:16]} 38. Qf3
{[%clk 0:24:47]} Qxf2+ {[%clk 0:12:33]} 39. Qxf2 {[%clk 0:25:16]} Bxf2+
{[%clk 0:12:52]} 40. Kh2 {[%clk 0:25:44]} h5 {[%clk 0:11:20]} 41. g3
{[%clk 0:17:50]} h4 {[%clk 0:11:33]} 42. gxh4 {[%clk 0:18:06]} Kg7
{[%clk 0:11:42]} 43. Bd5+ {[%clk 0:14:25]} Kh6 {[%clk 0:11:55]} 44. Rd7
{[%clk 0:14:07]} Rf6 {[%clk 0:11:49]} 45. Rf7 {[%clk 0:12:09]} Bxh4
{[%clk 0:12:11]} 46. Rxf6 {[%clk 0:12:36]} Bxf6 {[%clk 0:12:35]} 47. Kg3
{[%clk 0:13:02]} Bg5 {[%clk 0:12:58]} 48. Kg4 {[%clk 0:13:28]} Bc1
{[%clk 0:13:20]} 49. Kg3 {[%clk 0:13:56]} Bg5 {[%clk 0:13:45]} 50. Kg4
{[%clk 0:14:24]} Bc1 {[%clk 0:14:08]} 51. Kg3 {[%clk 0:14:52]} 1/2-1/2

[Event "8e Open de Porticcio"]
[Site "?"]
[Date "2023.07.01"]
[Round "9.7"]
[White "Durak, Can"]
[Black "Nevednichy, Vladislav"]
[Result "1/2-1/2"]
[BlackElo "2453"]
[WhiteElo "2310"]
[LiveChessVersion "1.4.6"]

1. Nf3 c5 2. g3 Nc6 3. Bg2 e5 4. c4 g6 5. Nc3 Bg7 6. O-O Nge7 7. d3 O-O 8. Ne1 d6
9. Nc2 h6 10. Ne3 Rb8 11. Ned5 Nxd5 12. Nxd5 Ne7 13. Rb1 Nxd5 14. Bxd5 Kh7 15. b4
b6 16. Bd2 Bb7 17. Bxb7 Rxb7 18. a4 f5 19. a5 f4 20. axb6 axb6 21. bxc5 dxc5 22.
f3 h5 23. Qa4 Qc7 24. Kg2 Ra7 25. Qb3 Ra6 26. Bc3 Rfa8 27. Ra1 Rxa1 28. Rxa1 Rxa1
29. Bxa1 fxg3 30. hxg3 e4 31. Bxg7 exf3+ 32. exf3 Kxg7 33. Qb2+ Kf7 34. d4 cxd4
35. Qxd4 Qc6 36. Qf4+ Ke6 37. Qd4 Qd6 38. Qe4+ Kf6 39. Qh4+ Kf7 40. Qe4 Kf6 41.
Qh4+ Kf7 42. Qe4 Kf6 43. Qh4+ 1/2-1/2

[Event "8e Open de Porticcio"]
[Site "?"]
[Date "2023.07.01"]
[Round "9.8"]
[White "Aarav Dengla"]
[Black "Razafindratsima, Timothe"]
[Result "0-1"]
[BlackElo "2446"]
[WhiteElo "2343"]
[LiveChessVersion "1.4.6"]

1. e4 {[%clk 1:29:08]} c5 {[%clk 1:30:57]} 2. Nf3 {[%clk 1:29:33]} Nc6
{[%clk 1:31:23]} 3. Bb5 {[%clk 1:29:57]} g6 {[%clk 1:31:48]} 4. Bxc6
{[%clk 1:30:13]} bxc6 {[%clk 1:32:12]} 5. d4 {[%clk 1:29:06]} Bg7
{[%clk 1:32:31]} 6. dxc5 {[%clk 1:28:51]} Qa5+ {[%clk 1:32:56]} 7. Nbd2
{[%clk 1:28:54]} Qxc5 {[%clk 1:33:21]} 8. O-O {[%clk 1:29:08]} Nf6
{[%clk 1:33:47]} 9. h3 {[%clk 1:25:57]} d6 {[%clk 1:29:14]} 10. a3
{[%clk 1:17:40]} O-O {[%clk 1:26:00]} 11. b4 {[%clk 1:08:37]} Qb6
{[%clk 1:26:20]} 12. Bb2 {[%clk 0:58:32]} c5 {[%clk 1:26:43]} 13. Rb1
{[%clk 0:57:50]} Rd8 {[%clk 1:02:55]} 14. e5 {[%clk 0:42:20]} dxe5
{[%clk 1:01:29]} 15. Bxe5 {[%clk 0:40:35]} Be6 {[%clk 0:49:51]} 16. Qe2
{[%clk 0:40:15]} Rac8 {[%clk 0:50:17]} 17. c4 {[%clk 0:31:48]} Qa6
{[%clk 0:48:56]} 18. b5 {[%clk 0:27:13]} Qa4 {[%clk 0:48:39]} 19. Rfc1
{[%clk 0:19:15]} Rd7 {[%clk 0:42:48]} 20. Rc3 {[%clk 0:14:45]} Rcd8
{[%clk 0:42:11]} 21. Nb3 {[%clk 0:12:16]} Rc8 {[%clk 0:41:13]} 22. Nbd2
{[%clk 0:12:40]} Bh6 {[%clk 0:41:19]} 23. Ra1 {[%clk 0:05:44]} a6
{[%clk 0:31:37]} 24. bxa6 {[%clk 0:04:38]} Qxa6 {[%clk 0:31:59]} 25. a4
{[%clk 0:04:49]} Rcd8 {[%clk 0:31:30]} 26. Nb3 {[%clk 0:04:39]} Qc6
{[%clk 0:31:57]} 27. Re1 {[%clk 0:03:22]} Bf5 {[%clk 0:32:23]} 28. a5
{[%clk 0:02:27]} Bd3 {[%clk 0:30:14]} 29. Nbd4 {[%clk 0:01:43]} cxd4
{[%clk 0:28:59]} 30. Rxd3 {[%clk 0:02:10]} Qxc4 {[%clk 0:29:27]} 31. Bxf6
{[%clk 0:02:21]} exf6 {[%clk 0:29:51]} 32. Red1 {[%clk 0:02:27]} Bf8
{[%clk 0:30:11]} 33. Nd2 {[%clk 0:01:58]} Qa2 {[%clk 0:20:18]} 34. Qf3
{[%clk 0:01:21]} f5 {[%clk 0:20:45]} 35. Nb3 {[%clk 0:01:39]} Bb4
{[%clk 0:21:12]} 36. h4 {[%clk 0:00:58]} Bc3 {[%clk 0:20:58]} 37. Nc1
{[%clk 0:01:06]} Qxa5 {[%clk 0:21:19]} 38. Ne2 {[%clk 0:01:34]} Bb4
{[%clk 0:20:54]} 39. Nxd4 {[%clk 0:01:10]} Qa6 {[%clk 0:20:05]} 40. Qf4
{[%clk 0:00:35]} Bc5 {[%clk 0:19:57]} 41. Kh1 {[%clk 0:00:31]} Bxd4
{[%clk 0:20:01]} 0-1

[Event "8e Open de Porticcio"]
[Site "?"]
[Date "2023.07.01"]
[Round "9.9"]
[White "Roux, Baptiste"]
[Black "Yankelevich, Lev"]
[Result "1/2-1/2"]
[BlackElo "2442"]
[WhiteElo "2288"]
[LiveChessVersion "1.4.6"]

1. e4 e5 2. Nf3 Nc6 3. Bb5 a6 4. Ba4 Bc5 5. O-O Nge7 6. c3 Ng6 7. d4 Ba7 8. Bxc6
dxc6 9. Nxe5 Nxe5 10. dxe5 Qh4 11. Qf3 Bg4 12. Qf4 Qh5 13. h3 Be6 14. Re1 Rd8 15.
Nd2 g5 16. Qg3 Rg8 17. Nf1 Qh4 18. Be3 Qxg3 19. Nxg3 Bxe3 20. Rxe3 Rd2 21. Re2
Rxe2 22. Nxe2 Ke7 23. Kf1 Bc4 24. b3 Bxe2+ 25. Kxe2 Ke6 26. Rd1 Rc8 27. Ke3 Kxe5
28. g3 Ke6 29. f4 gxf4+ 30. gxf4 Rg8 31. Kf2 b5 32. Rg1 Rd8 33. Ke2 h6 34. a3 a5
35. Rd1 Rb8 36. Ke3 Rg8 37. Kf3 Ke7 38. Kf2 Ke6 39. Rg1 Rb8 40. Ke2 c5 41. Rd1 b4
42. cxb4 axb4 43. a4 c4 44. bxc4 Ra8 45. Ra1 b3 46. Kd3 b2 47. Rb1 Rxa4 48. Rxb2
Ra3+ 49. Kd4 Rxh3 50. Ra2 h5 51. Ra6+ Ke7 52. Rc6 Kd7 53. Rh6 h4 54. c5 Rh1 55.
e5 Ke7 56. f5 Kf8 57. f6 Kg8 58. Ke4 h3 59. Rh4 h2 60. Rh3 Rc1 61. Rxh2 Rxc5 62.
Kf5 Rc6 63. Kf4 Rc5 64. Kf5 Rc6 65. Kf4 Rc4+ 66. Kf5 Rc6 67. Kf4 Rc4+ 1/2-1/2

[Event "8e Open de Porticcio"]
[Site "?"]
[Date "2023.07.01"]
[Round "9.10"]
[White "Tarhan, Adar"]
[Black "Mekhane, Adam"]
[Result "1-0"]
[BlackElo "2269"]
[WhiteElo "2347"]
[LiveChessVersion "1.4.6"]

1. e4 c5 2. Nf3 e6 3. d4 cxd4 4. Nxd4 a6 5. Bd3 Bc5 6. Nb3 Ba7 7. c4 Ne7 8. Nc3
O-O 9. O-O Nbc6 10. Qe2 e5 11. Be3 Bxe3 12. Qxe3 d6 13. Rfd1 Be6 14. Bf1 Qb8 15.
Rd2 f5 16. f3 fxe4 17. Nxe4 Nf5 18. Qb6 a5 19. Rad1 a4 20. Nc1 Nfd4 21. c5 d5 22.
Nd6 Qa7 23. Qxa7 Rxa7 24. Ne2 Nxe2+ 25. Bxe2 Nd4 26. Bf1 Rb8 27. Re1 Nc6 28. Bb5
1-0